• 首页
  • 本馆介绍
  • 公告通知
  • 最新文献
  • 馆藏检索
  • 电子资源
  • 读者导购
  • 参考咨询
  • 我的图书馆
  • 登录
  • 详细信息显示
  • 放入我的书架
  • 预约/预借图书
  • 作者相关作品
  • 分类相关作品
  • 丛书相关作品
  • 出版社相关作品

书目信息

  • 表格格式
  • 工作单格式
  • 卡片格式
题名:
植物科学绘画+自然教学法
    
 
作者: 孙英宝 , 李振基 主编
分册:   蔷薇三姐妹
出版信息: 北京   中国林业出版社·自然保护分社(国家公园分社)  2020.11
页数: 72页
开本: 29cm
丛书名:
单 册:
中图分类: J211.27 , G40
科图分类:
主题词: 植物--绘画技法--教材 , 自然教育--教材 , 蔷薇属--绘画技法--教材
电子资源:
ISBN: 978-7-5219-0692-9
000 01193nam0 2200277 45
001 012001001875
005 20141011162955.0
010    @a978-7-5219-0692-9@dCNY60.00
100    @a20210315d2020 em y0chiy50 ea
101 0  @achi
102    @aCN@b110000
105    @aa z 000yy
106    @ar
200 1  @a植物科学绘画+自然教学法@Azhi wu ke xue hui hua + zi ran jiao xue fa@i蔷薇三姐妹@f孙英宝, 李振基主编
210    @a北京@c中国林业出版社·自然保护分社(国家公园分社)@d2020.11
215    @a72页@c图,照片@d29cm
330    @a本书主要就是从蔷薇三姐妹入手,选用了常见但容易混淆、拥有重要的文学意义、具有特殊的国学色彩等植物,引导学习者分别从根、茎、叶、花、果实与种子、毛被等方面,进行科学、系统而全面的认知学习。通过对基础篇的主要知识掌握之后,从观察认知开始,去准确地辨析出植物的生长特征、分析植物的特点,继而能够亲手准确地画出植物,再以多个教学模块展现不同植物主题内容的相关活动内容。
606 0  @a植物@x绘画技法@j教材
606 0  @a自然教育@j教材
606 0  @a蔷薇属@x绘画技法@j教材
690    @aJ211.27@v5
690    @aG40@v5
701  0 @a孙英宝@Asun ying bao@4主编
701  0 @a李振基@Ali zhen ji@4主编
801  0 @aCN@b江苏凤凰@c20211018
905    @b1346059-62@dJ211.27@e1482@f4
    
    植物科学绘画+自然教学法.蔷薇三姐妹/孙英宝, 李振基主编.-北京:中国林业出版社·自然保护分社(国家公园分社),2020.11
    72页:图,照片;29cm
    
    
    ISBN 978-7-5219-0692-9:CNY60.00
    本书主要就是从蔷薇三姐妹入手,选用了常见但容易混淆、拥有重要的文学意义、具有特殊的国学色彩等植物,引导学习者分别从根、茎、叶、花、果实与种子、毛被等方面,进行科学、系统而全面的认知学习。通过对基础篇的主要知识掌握之后,从观察认知开始,去准确地辨析出植物的生长特征、分析植物的特点,继而能够亲手准确地画出植物,再以多个教学模块展现不同植物主题内容的相关活动内容。
●
相关链接 在E读中查询图书 在五车中查询图书 在当当中查询图书 在豆瓣中查询图书


正题名:植物科学绘画+自然教学法     索取号:J211.27/1482         预约/预借

序号 登录号 条形码 馆藏地/架位号 状态 备注
1 1346059   213460592   第一样本阅览室/ [索取号:J211.27/1482] 在馆    
2 1346060   213460609   第一借阅区/ [索取号:J211.27/1482] 在馆    
3 1346061   213460618   第一借阅区/ [索取号:J211.27/1482] 在馆    
4 1346062   213460627   第一借阅区/ [索取号:J211.27/1482] 在馆    
唐山师范学院图书馆 欢迎您!
大连网信软件有限公司© 版权所有